[Event "25. Copenhagen Open  (Politiken Cup)"]
[Site "Copenhagen"]
[Date "2003.07.24"]
[Round "10"]
[White "Nordenbaek, Jan"]
[Black "Hoi, Carsten"]
[Result "0-1"]
[WhiteElo "2254"]
[BlackElo "2385"]
[PlyCount "194"]
[EventDate "2003.07.14"]
[EventType "swiss"]
[EventRounds "11"]
[EventCountry "DEN"]
[SourceDate "2004.01.01"]

1. d4 Nf6 2. c4 c5 3. Nf3 g6 4. Nc3 Bg7 5. e4 cxd4 6. Nxd4 d6 7. Be2 O-O 8. O-O
Nc6 9. Nc2 Nd7 10. Be3 Nc5 11. f3 Be6 12. Rb1 a5 13. Nb5 Nb4 14. a3 Nxc2 15.
Qxc2 a4 16. Rbd1 Qb6 17. Kh1 Bd7 18. Rfe1 Rfc8 19. Qb1 Bc6 20. Bf1 Qa5 21. Bg5
Bxb5 22. cxb5 Qc7 23. Rc1 Qd7 24. Red1 Qe6 25. Rd5 Nb3 26. Rc4 h6 27. Bh4 g5
28. Be1 Qf6 29. Bc3 Qf4 30. Bxg7 Kxg7 31. Qd3 Qf6 32. f4 Nc5 33. fxg5 hxg5 34.
Qf3 Qxf3 35. gxf3 f6 36. Rdd4 b6 37. Kg1 Rc7 38. Be2 Rca7 39. Rc2 Rh8 40. Bd1
Ra5 41. Be2 Kg6 42. Bf1 Raa8 43. Be2 Rhc8 44. Rdc4 Rd8 45. Rd4 Kf7 46. Bd1 e5
47. Rd5 Ke7 48. Rc4 Ke6 49. Rc3 f5 50. Bc2 f4 51. Rc4 Rg8 52. h3 Rh8 53. Kg2
Rac8 54. Rd1 Ra8 55. Rd5 Rhc8 56. Rd1 Ra5 57. Rc1 Kd7 58. Rc3 Ke7 59. Rb1 Rd8
60. Rc4 Re8 61. Rb4 Rc8 62. Rc4 Rh8 63. Rb4 Ke6 64. Rd1 Ra7 65. Rc4 Rd8 66. Rd5
Rh7 67. Rd1 Ra7 68. Rd5 Rda8 69. Rd1 Ke7 70. Rc1 Kd7 71. Rd1 Ra5 72. Rb4 Ne6
73. Rh1 Nd4 74. Bd3 Rc8 75. h4 gxh4 76. Rxh4 Rg8+ 77. Kf2 Rg7 78. Bc4 Ra8 79.
Bd5 Ra5 80. Rh8 Rxb5 81. Rxb5 Nxb5 82. Rb8 Rg3 83. Rxb6 Nd4 84. Rb7+ Kd8 85.
Rb6 Ke7 86. Rb7+ Kf6 87. Rb6 Rxf3+ 88. Kg2 Rd3 89. Rxd6+ Kg5 90. Bf7 Rd2+ 91.
Kh3 f3 92. Rg6+ Kf4 93. Bd5 Rxb2 94. Rf6+ Ke3 95. Kg3 Rg2+ 96. Kh3 Rg7 97. Bc4
Ne2 0-1

[Event "25. Copenhagen Open  (Politiken Cup)"]
[Site "Copenhagen"]
[Date "2003.07.24"]
[Round "10"]
[White "Nordfjord, Sverrir"]
[Black "Pedersen, Rune Linnebo"]
[Result "1/2-1/2"]
[WhiteElo "2057"]
[BlackElo "1800"]
[PlyCount "59"]
[EventDate "2003.07.14"]
[EventType "swiss"]
[EventRounds "11"]
[EventCountry "DEN"]
[SourceDate "2004.01.01"]

1. e4 c5 2. d4 cxd4 3. c3 Nf6 4. e5 Nd5 5. Nf3 Nc6 6. Bc4 Nb6 7. Bb3 d5 8. exd6
exd6 9. O-O Be7 10. Re1 dxc3 11. Nxc3 O-O 12. Bf4 Bg4 13. Qd3 Bh5 14. Rad1 Qd7
15. h3 Rad8 16. Rd2 Bg6 17. Qb5 Qf5 18. Qxf5 Bxf5 19. Nb5 d5 20. Nbd4 Nxd4 21.
Nxd4 Be6 22. Rxe6 fxe6 23. Nxe6 Rxf4 24. Nxf4 Bg5 25. Rd4 Bf6 26. Rd1 Bxb2 27.
Nxd5 Nxd5 28. Rxd5 Rxd5 29. Bxd5+ Kf8 30. Bxb7 1/2-1/2

[Event "25. Copenhagen Open  (Politiken Cup)"]
[Site "Copenhagen"]
[Date "2003.07.24"]
[Round "10"]
[White "Norton, Craig"]
[Black "Harstad, Christian"]
[Result "0-1"]
[WhiteElo "2127"]
[BlackElo "1714"]
[PlyCount "64"]
[EventDate "2003.07.14"]
[EventType "swiss"]
[EventRounds "11"]
[EventCountry "DEN"]
[SourceDate "2004.01.01"]

1. d4 d5 2. Nf3 Nf6 3. Bf4 e6 4. e3 Be7 5. Bd3 c5 6. c3 Nc6 7. Nbd2 Nh5 8. Bg3
Nxg3 9. hxg3 h6 10. Ne5 Nxe5 11. dxe5 Qb6 12. Rb1 Bd7 13. Qg4 g5 14. Qe2 O-O-O
15. O-O Qc7 16. c4 Qxe5 17. b4 d4 18. Nf3 Qg7 19. bxc5 Bxc5 20. Be4 dxe3 21.
Rxb7 exf2+ 22. Kh1 f5 23. Bc6 Qf6 24. Rxd7 Rxd7 25. Ne5 Rc7 26. Rb1 Bd4 27.
Bd7+ Rxd7 28. Rb8+ Kc7 29. Rb7+ Kxb7 30. Qf3+ Rd5 31. cxd5 Qxe5 32. Qb3+ Bb6
0-1

[Event "25. Copenhagen Open  (Politiken Cup)"]
[Site "Copenhagen"]
[Date "2003.07.24"]
[Round "10"]
[White "Nyysti, Sampsa"]
[Black "Bohlke, Christian"]
[Result "1-0"]
[WhiteElo "2399"]
[BlackElo "2205"]
[PlyCount "69"]
[EventDate "2003.07.14"]
[EventType "swiss"]
[EventRounds "11"]
[EventCountry "DEN"]
[SourceDate "2004.01.01"]

1. e4 c5 2. Nf3 Nc6 3. d4 cxd4 4. Nxd4 g6 5. Nc3 Bg7 6. Be3 Nf6 7. Bc4 O-O 8.
Bb3 a5 9. a4 Ng4 10. Qxg4 Nxd4 11. Qh4 Nxb3 12. cxb3 Ra6 13. O-O Re6 14. Rfe1
b6 15. Bh6 Bxh6 16. Qxh6 Bb7 17. Re3 f5 18. exf5 Rxf5 19. Rxe6 dxe6 20. Qe3 Qd6
21. Rd1 Qc6 22. f3 Qc5 23. Qxc5 Rxc5 24. Rd8+ Kf7 25. Rb8 Rc7 26. Kf2 Rd7 27.
Ke3 Kf6 28. Nb1 Ke5 29. Na3 Kd5 30. Nc4 Kc5 31. g4 Ba6 32. Nxb6 Rd3+ 33. Kf4
Rxb3 34. Nd7+ Kc4 35. Ne5+ 1-0

[Event "25. Copenhagen Open  (Politiken Cup)"]
[Site "Copenhagen"]
[Date "2003.07.24"]
[Round "10"]
[White "Nhr, Finn"]
[Black "Tuomisto, Keijo"]
[Result "1/2-1/2"]
[WhiteElo "2136"]
[BlackElo "1780"]
[PlyCount "83"]
[EventDate "2003.07.14"]
[EventType "swiss"]
[EventRounds "11"]
[EventCountry "DEN"]
[SourceDate "2004.01.01"]

1. e4 d5 2. d3 dxe4 3. dxe4 Qxd1+ 4. Kxd1 e5 5. Be3 Be6 6. Nd2 Nd7 7. c3 a5 8.
Ne2 f5 9. exf5 Bxf5 10. Ng3 Be6 11. Be2 Ngf6 12. Bf3 Nd5 13. Re1 Kf7 14. Nde4
h6 15. Kc2 Be7 16. Rad1 Nxe3+ 17. Rxe3 Rab8 18. Kb1 b5 19. Red3 Nb6 20. Be2 g6
21. h3 Kg7 22. R3d2 Nc8 23. Bg4 Bxg4 24. hxg4 Nb6 25. Nf1 Rhf8 26. Ne3 c6 27.
f3 Rfd8 28. b3 Kf7 29. Kc2 Rxd2+ 30. Rxd2 Ke6 31. c4 a4 32. Rd1 bxc4 33. bxc4
Nd7 34. Nf1 Nc5 35. Nfd2 Rb4 36. Nxc5+ Bxc5 37. Rb1 Rxb1 38. Kxb1 Bd4 39. Ne4
Ke7 40. Kc2 Ke6 41. Kd3 c5 42. Ng3 1/2-1/2

[Event "25. Copenhagen Open  (Politiken Cup)"]
[Site "Copenhagen"]
[Date "2003.07.24"]
[Round "10"]
[White "Olsen, Miriam Frida"]
[Black "Christoffersen, Ebbe"]
[Result "1-0"]
[WhiteElo "2036"]
[BlackElo "1737"]
[PlyCount "119"]
[EventDate "2003.07.14"]
[EventType "swiss"]
[EventRounds "11"]
[EventCountry "DEN"]
[SourceDate "2004.01.01"]

1. e4 d5 2. exd5 Qxd5 3. Nc3 Qa5 4. d4 Nf6 5. Nf3 Bf5 6. Bc4 c6 7. Bd2 e6 8.
Qe2 Bb4 9. a3 O-O 10. O-O-O Bxc3 11. Bxc3 Qc7 12. Ne5 Nd5 13. Bd2 b5 14. Bb3
Nd7 15. g4 Bg6 16. Nxg6 hxg6 17. h4 Rfe8 18. Rde1 Kf8 19. h5 gxh5 20. gxh5 N7f6
21. Qd3 Ke7 22. Bg5 Kd7 23. Qf3 Kc8 24. Bxf6 Nxf6 25. Reg1 Rg8 26. h6 Ne8 27.
hxg7 Rxg7 28. Rxg7 Nxg7 29. Rh7 Ne8 30. Bxe6+ Kb8 31. Qxf7 Qxf7 32. Bxf7 Nd6
33. Rh8+ Kb7 34. Rxa8 Kxa8 35. Bg6 Kb7 36. b3 a5 37. Bd3 Kb6 38. c4 bxc4 39.
bxc4 c5 40. d5 Kc7 41. Kc2 Kd7 42. f4 Ne8 43. Bf5+ Kd6 44. Kb3 Kc7 45. Ka4 Kb6
46. Bd7 Nf6 47. Bb5 Ne4 48. f5 Nc3+ 49. Kb3 Ne4 50. Kc2 Kc7 51. Kd3 Nf6 52. Ke3
Kd6 53. Kf4 Ng8 54. Bc6 Nf6 55. Bb5 Ng8 56. Ba6 Nf6 57. Bc8 Ng8 58. Kg5 Ke5 59.
d6 Kxd6 60. f6 1-0

[Event "25. Copenhagen Open  (Politiken Cup)"]
[Site "Copenhagen"]
[Date "2003.07.24"]
[Round "10"]
[White "Olsson, Linus"]
[Black "Laursen, Niels Norskov"]
[Result "1-0"]
[WhiteElo "2244"]
[BlackElo "2109"]
[PlyCount "109"]
[EventDate "2003.07.14"]
[EventType "swiss"]
[EventRounds "11"]
[EventCountry "DEN"]
[SourceDate "2004.01.01"]

1. d4 Nf6 2. c4 c5 3. d5 e6 4. Nc3 exd5 5. cxd5 d6 6. Nf3 g6 7. g3 Bg7 8. Bg2
O-O 9. O-O a6 10. a4 Nbd7 11. Nd2 Re8 12. h3 Qc7 13. Nc4 Nb6 14. Na3 Bd7 15.
Re1 Nxa4 16. Nxa4 b5 17. e4 Re7 18. Nxc5 Qxc5 19. Be3 Qc8 20. Rc1 Qb7 21. Bf4
Qb6 22. e5 Nh5 23. Be3 Qb8 24. g4 Rxe5 25. gxh5 Rxh5 26. Bd4 Bh6 27. Rc3 b4 28.
Rg3 Rh4 29. Nc2 a5 30. Re4 Bf4 31. Bf6 Bxg3 32. Bxh4 Be5 33. Qd2 Bf5 34. Rxe5
dxe5 35. d6 Ra6 36. d7 Rd6 37. Qxd6 Qxd6 38. d8=Q+ Qxd8 39. Bxd8 Bxc2 40. Bxa5
b3 41. Bd5 Kg7 42. Bd8 h6 43. Kf1 g5 44. Ke2 Kg6 45. Kd2 h5 46. Kc3 h4 47. Bxb3
Bxb3 48. Kxb3 f5 49. Kc2 e4 50. b4 f4 51. Bxg5 Kxg5 52. b5 f3 53. Kd2 Kf4 54.
b6 e3+ 55. Ke1 1-0

[Event "25. Copenhagen Open  (Politiken Cup)"]
[Site "Copenhagen"]
[Date "2003.07.24"]
[Round "10"]
[White "Pedersen, Bent O"]
[Black "Rasmussen, Peter Nybo"]
[Result "1-0"]
[WhiteElo "2058"]
[BlackElo "1692"]
[PlyCount "61"]
[EventDate "2003.07.14"]
[EventType "swiss"]
[EventRounds "11"]
[EventCountry "DEN"]
[SourceDate "2004.01.01"]

1. e4 e5 2. Nf3 Nc6 3. Bb5 a6 4. Ba4 Nf6 5. d4 exd4 6. e5 Ng4 7. O-O Bc5 8. h3
Ngxe5 9. Nxe5 Nxe5 10. Re1 f6 11. f4 O-O 12. fxe5 fxe5 13. Nd2 d5 14. Nf3 d3+
15. Be3 d4 16. Bg5 dxc2 17. Bxc2 Qd6 18. Bb3+ Kh8 19. Kh1 e4 20. Rxe4 Bf5 21.
Be7 Qc6 22. Nxd4 Qxe4 23. Bxc5 Rfd8 24. Qf3 Rxd4 25. Bxd4 Qxd4 26. Qxf5 Qxb2
27. Rf1 g6 28. Qe6 Qd4 29. Rf7 Rd8 30. Qe7 Qa1+ 31. Kh2 1-0

[Event "25. Copenhagen Open  (Politiken Cup)"]
[Site "Copenhagen"]
[Date "2003.07.24"]
[Round "10"]
[White "Pedersen, Kaj Vinding"]
[Black "Larsen, Alex"]
[Result "1-0"]
[WhiteElo "1553"]
[BlackElo "1305"]
[PlyCount "47"]
[EventDate "2003.07.14"]
[EventType "swiss"]
[EventRounds "11"]
[EventCountry "DEN"]
[SourceDate "2004.01.01"]

1. d4 Nf6 2. Nf3 g6 3. c4 d5 4. e3 Bg7 5. Nc3 O-O 6. Be2 b6 7. O-O Bb7 8. Ne5
Nbd7 9. f4 a6 10. Bf3 Nxe5 11. dxe5 Ne4 12. Nxd5 c6 13. Bxe4 cxd5 14. Bxd5 Qc7
15. Qf3 Rab8 16. b3 Bc8 17. Ba3 Kh8 18. Rad1 Be6 19. Bxe6 fxe6 20. Qh3 Qc6 21.
Bxe7 Rf5 22. Bd6 Rb7 23. Rd4 Rbf7 24. g4 1-0

[Event "25. Copenhagen Open  (Politiken Cup)"]
[Site "Copenhagen"]
[Date "2003.07.24"]
[Round "10"]
[White "Pedersen, Kenneth"]
[Black "Brondum, Jan Kraul"]
[Result "1/2-1/2"]
[WhiteElo "1728"]
[BlackElo "1569"]
[PlyCount "118"]
[EventDate "2003.07.14"]
[EventType "swiss"]
[EventRounds "11"]
[EventCountry "DEN"]
[SourceDate "2004.01.01"]

1. d4 Nf6 2. c4 g6 3. Nc3 d6 4. e4 Bg7 5. f3 Nbd7 6. Be3 e5 7. Nge2 O-O 8. Qd2
Re8 9. Bh6 Bh8 10. h4 exd4 11. Nxd4 Nf8 12. g4 Ne6 13. Nxe6 Bxe6 14. h5 Bxg4
15. fxg4 Nxe4 16. Nxe4 Rxe4+ 17. Be2 Qe7 18. hxg6 fxg6 19. Bg5 Qe6 20. Rh2 Rxc4
21. Rc1 Rxg4 22. Qe3 Qxe3 23. Bxe3 Re4 24. Bh6 c6 25. b3 Rae8 26. Kf1 Be5 27.
Rg2 Rh4 28. Be3 Rh1+ 29. Rg1 Rf8+ 30. Ke1 Bg3+ 31. Kd1 Rxg1+ 32. Bxg1 a6 33.
Rc3 Be5 34. Rh3 h5 35. Bh2 Bxh2 36. Rxh2 Rf4 37. Rg2 Kf7 38. Bd3 Rf6 39. Ke2 a5
40. a4 b6 41. Ke3 Kg7 42. Rc2 c5 43. Bc4 g5 44. Rg2 g4 45. Rf2 Rg6 46. Kf4 h4
47. Rg2 g3 48. Bd3 Rh6 49. Be4 Kf6 50. Rd2 Ke7 51. Kg4 Rh8 52. Kh3 Ke6 53. Rd5
Rf8 54. Rg5 Rf4 55. Bd5+ Kf6 56. Rh5 Rd4 57. Bc6 Rb4 58. Bd5 Rd4 59. Bc6 Rb4
1/2-1/2

[Event "25. Copenhagen Open  (Politiken Cup)"]
[Site "Copenhagen"]
[Date "2003.07.24"]
[Round "10"]
[White "Pedersen, Steen"]
[Black "Grove, Peter"]
[Result "1-0"]
[WhiteElo "1865"]
[BlackElo "1577"]
[PlyCount "47"]
[EventDate "2003.07.14"]
[EventType "swiss"]
[EventRounds "11"]
[EventCountry "DEN"]
[SourceDate "2004.01.01"]

1. e4 c5 2. Nf3 e6 3. d4 cxd4 4. Nxd4 Nc6 5. Nc3 Bc5 6. Ndb5 a6 7. Nd6+ Bxd6 8.
Qxd6 Nge7 9. Bd3 O-O 10. Bg5 b5 11. e5 Re8 12. Ne4 Qa5+ 13. Bd2 b4 14. Nc5 Nd5
15. f4 Ra7 16. O-O Rc7 17. Kh1 Nxe5 18. Nb3 Nxd3 19. Nxa5 Rxc2 20. Nb3 Nxb2 21.
Rfc1 Nc4 22. Qc5 Rxd2 23. Nxd2 Nxd2 24. Qd4 1-0

[Event "25. Copenhagen Open  (Politiken Cup)"]
[Site "Copenhagen"]
[Date "2003.07.24"]
[Round "10"]
[White "Pedersen, Thomas"]
[Black "Kristjansson, Atli Freyr"]
[Result "1-0"]
[WhiteElo "1671"]
[BlackElo "1560"]
[PlyCount "135"]
[EventDate "2003.07.14"]
[EventType "swiss"]
[EventRounds "11"]
[EventCountry "DEN"]
[SourceDate "2004.01.01"]

1. e4 e6 2. d4 d5 3. Nd2 Nf6 4. e5 Nfd7 5. Bd3 c5 6. c3 Nc6 7. Ne2 cxd4 8. cxd4
Qb6 9. Nf3 f6 10. exf6 Nxf6 11. O-O Bd6 12. Bf4 Bxf4 13. Nxf4 Qxb2 14. Ng5 Nxd4
15. Bxh7 Ne2+ 16. Qxe2 Qxe2 17. Bg6+ Ke7 18. Nxe2 Nd7 19. Nf3 Kf6 20. Bc2 e5
21. Bb3 d4 22. Ng3 Nc5 23. Rfe1 Re8 24. Nxd4 Bd7 25. Nf3 Bc6 26. Nd2 Rad8 27.
Nde4+ Nxe4 28. Nxe4+ Kf5 29. Bc2 Kf4 30. f3 Rd4 31. Rad1 Red8 32. Rxd4 Rxd4 33.
Nc5 Rd6 34. Nd3+ Kg5 35. Rxe5+ Kf6 36. Re1 Bb5 37. Nc5 Rc6 38. Ne4+ Kf7 39.
Bb3+ Kg6 40. Rd1 a5 41. Rd6+ Rxd6 42. Nxd6 Bc6 43. Kf2 b5 44. Ke3 a4 45. Bg8
Kf6 46. Kd4 Ke7 47. Kc5 Bd7 48. Nxb5 g5 49. Nd4 Kf6 50. Bd5 Ke5 51. Bc6 Bc8 52.
Bxa4 Kf4 53. Bb3 Ke3 54. Ne6 Kf2 55. Nxg5 Kxg2 56. h4 Kg3 57. h5 Kh4 58. h6 Bf5
59. h7 Bxh7 60. Nxh7 Kg3 61. Bd5 Kf4 62. a4 Ke5 63. a5 Kf5 64. a6 Kg6 65. Be4+
Kg7 66. a7 Kh6 67. a8=Q Kg7 68. Qf8# 1-0

[Event "25. Copenhagen Open  (Politiken Cup)"]
[Site "Copenhagen"]
[Date "2003.07.24"]
[Round "10"]
[White "Petersen, Lars"]
[Black "Hanssen, Gunnar Berg"]
[Result "1-0"]
[WhiteElo "2047"]
[BlackElo "2280"]
[PlyCount "79"]
[EventDate "2003.07.14"]
[EventType "swiss"]
[EventRounds "11"]
[EventCountry "DEN"]
[SourceDate "2004.01.01"]

1. d4 d5 2. Nf3 c5 3. c3 Nf6 4. Bf4 Nc6 5. e3 g6 6. Bd3 Bg7 7. Nbd2 O-O 8. h3
Nd7 9. Bb5 Qb6 10. Qb3 e5 11. Bxc6 exf4 12. Bxd5 fxe3 13. fxe3 cxd4 14. cxd4
Qd6 15. O-O Nf6 16. Ne4 Nxe4 17. Bxe4 Qg3 18. Kh1 Bh6 19. Rae1 Kg7 20. Qb5 Be6
21. Qe5+ Qxe5 22. Nxe5 Bxa2 23. Ra1 f5 24. Bf3 Be6 25. Bxb7 Rab8 26. Rxa7 Kg8
27. Re1 Bg7 28. Nc6 Rbe8 29. d5 Bd7 30. Ba6 Ra8 31. Rxd7 Rxa6 32. Nd4 Rb8 33.
Rc1 Be5 34. b3 Rba8 35. Kg1 f4 36. Nc6 Bb2 37. Rb1 Ra2 38. exf4 R8a3 39. Rb7
Ba1 40. d6 1-0

[Event "25. Copenhagen Open  (Politiken Cup)"]
[Site "Copenhagen"]
[Date "2003.07.24"]
[Round "10"]
[White "Petersen, Nils"]
[Black "Nilsson, Nils Specht"]
[Result "1/2-1/2"]
[WhiteElo "2009"]
[BlackElo "2149"]
[PlyCount "118"]
[EventDate "2003.07.14"]
[EventType "swiss"]
[EventRounds "11"]
[EventCountry "DEN"]
[SourceDate "2004.01.01"]

1. c4 Nf6 2. Nc3 e6 3. e4 Nc6 4. Nf3 d5 5. e5 Ne4 6. cxd5 exd5 7. d3 Nxc3 8.
bxc3 Be7 9. d4 O-O 10. Be2 Be6 11. O-O f6 12. exf6 Bxf6 13. Be3 Qd6 14. Qd2
Rae8 15. Ne1 Na5 16. Bf4 Qd7 17. Bd3 Nc4 18. Qc2 g5 19. Bc1 c6 20. f4 gxf4 21.
Bxf4 Kh8 22. g3 Bh3 23. Ng2 Qg4 24. Qd1 Nb2 25. Qxg4 Bxg4 26. Bc2 b5 27. Rfe1
Nc4 28. Ne3 Nxe3 29. Bxe3 b4 30. Bh6 bxc3 31. Bxf8 Bxd4+ 32. Kg2 Rxf8 33. Rf1
Re8 34. Rae1 Be2 35. Rf4 Bf3+ 36. Kxf3 Rxe1 37. Rxd4 Rc1 38. Bb3 c2 39. Kg4 Ra1
40. Bxc2 Rxa2 41. Rd2 a5 42. Re2 a4 43. Kf3 a3 44. Bb3 Rxe2 45. Kxe2 Kg7 46.
Kd3 Kf6 47. Kc3 Ke5 48. Kb4 Ke4 49. Bc2+ Kf3 50. Kxa3 h6 51. Bd1+ Kg2 52. Bh5
Kxh2 53. g4 Kg3 54. Kb4 Kf4 55. Kc5 Ke3 56. Kxc6 d4 57. Kd5 d3 58. Bg6 Kf4 59.
Bxd3 Kxg4 1/2-1/2

[Event "25. Copenhagen Open  (Politiken Cup)"]
[Site "Copenhagen"]
[Date "2003.07.24"]
[Round "10"]
[White "Rasmussen, Henning"]
[Black "Abrahamsson, Daniel"]
[Result "1-0"]
[WhiteElo "1816"]
[BlackElo "1671"]
[PlyCount "87"]
[EventDate "2003.07.14"]
[EventType "swiss"]
[EventRounds "11"]
[EventCountry "DEN"]
[SourceDate "2004.01.01"]

1. d4 Nf6 2. Nf3 e6 3. c4 b6 4. g3 Bb7 5. Bg2 Bb4+ 6. Bd2 Qe7 7. O-O Bxd2 8.
Nbxd2 O-O 9. Qc2 d5 10. Rac1 Na6 11. a3 c5 12. e3 Rac8 13. Qb1 Rc7 14. Ne5 Nd7
15. Nxd7 Qxd7 16. cxd5 Bxd5 17. Rfd1 cxd4 18. Rxc7 Nxc7 19. exd4 Rd8 20. Nf3
Nb5 21. Ne5 Qb7 22. Bf1 Nxd4 23. Rxd4 f6 24. Nc4 e5 25. Rd2 Rf8 26. Ne3 Bc6 27.
Qa2+ Kh8 28. Bg2 e4 29. Qe6 Re8 30. Qd6 h6 31. Rc2 Bb5 32. Qc7 Qa8 33. Bf1 Bd3
34. Rc6 Rd8 35. Bh3 Bb5 36. Rd6 Rf8 37. Bf5 Be2 38. Rd7 Rc8 39. Qb7 Rc1+ 40.
Kg2 Qe8 41. Qxe4 Rc8 42. Rd1 Bxd1 43. Bxc8 Bb3 44. Qxe8+ 1-0

[Event "25. Copenhagen Open  (Politiken Cup)"]
[Site "Copenhagen"]
[Date "2003.07.24"]
[Round "10"]
[White "Rasmussen, Jens"]
[Black "Larsson, Nicolai"]
[Result "1-0"]
[WhiteElo "1638"]
[BlackElo "1238"]
[PlyCount "31"]
[EventDate "2003.07.14"]
[EventType "swiss"]
[EventRounds "11"]
[EventCountry "DEN"]
[SourceDate "2004.01.01"]

1. d4 d5 2. Nf3 Nf6 3. e3 c5 4. b3 Nc6 5. Be2 e6 6. O-O Bd6 7. Bb2 Qc7 8. Nbd2
O-O 9. Bd3 e5 10. dxe5 Nxe5 11. Nxe5 Bxe5 12. Bxe5 Qxe5 13. Nf3 Qd6 14. h3 Re8
15. c4 dxc4 16. Bxh7+ 1-0

[Event "25. Copenhagen Open  (Politiken Cup)"]
[Site "Copenhagen"]
[Date "2003.07.24"]
[Round "10"]
[White "Rasmussen, Karsten"]
[Black "Hvenekilde, Jorgen"]
[Result "1-0"]
[WhiteElo "2437"]
[BlackElo "2259"]
[PlyCount "53"]
[EventDate "2003.07.14"]
[EventType "swiss"]
[EventRounds "11"]
[EventCountry "DEN"]
[SourceDate "2004.01.01"]

1. c4 Nf6 2. Nc3 g6 3. g3 Bg7 4. Bg2 O-O 5. d4 d6 6. e4 e5 7. Nge2 exd4 8. Nxd4
Re8 9. O-O Nc6 10. Nde2 Ne5 11. b3 c6 12. h3 Qc7 13. Be3 a5 14. Rc1 h5 15. f4
Ned7 16. Qd2 Nh7 17. Bd4 Bxd4+ 18. Qxd4 Qb6 19. Rcd1 Rd8 20. Qxb6 Nxb6 21. c5
Nd7 22. cxd6 Nc5 23. e5 Nf8 24. Nd4 Nfe6 25. Kh2 Kg7 26. Nc2 Nf8 27. Ne3 1-0

[Event "25. Copenhagen Open  (Politiken Cup)"]
[Site "Copenhagen"]
[Date "2003.07.24"]
[Round "10"]
[White "Remman, Frank"]
[Black "Eiholt, Bjarne"]
[Result "1-0"]
[WhiteElo "1548"]
[BlackElo "1690"]
[PlyCount "41"]
[EventDate "2003.07.14"]
[EventType "swiss"]
[EventRounds "11"]
[EventCountry "DEN"]
[SourceDate "2004.01.01"]

1. d4 c6 2. c4 d5 3. Nf3 Nf6 4. g3 Bf5 5. Nc3 e6 6. Bg2 Bd6 7. O-O O-O 8. Nh4
Bg4 9. Qb3 Qc7 10. Re1 Be7 11. Bf4 Qd7 12. Nf3 Bf5 13. Ne5 Qc8 14. Rac1 Rd8 15.
cxd5 exd5 16. e4 Be6 17. exd5 cxd5 18. Nxd5 Bxd5 19. Bxd5 Qf5 20. Bxf7+ Kh8 21.
Be6 1-0

[Event "25. Copenhagen Open  (Politiken Cup)"]
[Site "Copenhagen"]
[Date "2003.07.24"]
[Round "10"]
[White "Richards, Heather"]
[Black "Jorgensen, Dennis"]
[Result "1/2-1/2"]
[WhiteElo "2233"]
[BlackElo "2104"]
[PlyCount "62"]
[EventDate "2003.07.14"]
[EventType "swiss"]
[EventRounds "11"]
[EventCountry "DEN"]
[SourceDate "2004.01.01"]

1. e4 c6 2. d4 d5 3. f3 g6 4. c3 Bg7 5. e5 f6 6. f4 Nh6 7. Nf3 O-O 8. a4 Bg4 9.
Be2 Nd7 10. h3 Bxf3 11. Bxf3 fxe5 12. fxe5 e6 13. O-O c5 14. Be3 Nf5 15. Bf2
Bh6 16. Qe2 cxd4 17. cxd4 Nb8 18. Nc3 Nc6 19. Rfd1 a6 20. Ra3 Kh8 21. Na2 Qe7
22. a5 Rf7 23. Qe1 Bg5 24. b4 Raf8 25. Be2 Ng7 26. Rf3 Nf5 27. Rb3 Nh4 28. Bg3
Nf5 29. Bf2 Nh4 30. Bg3 Nf5 31. Bf2 Nh4 1/2-1/2

[Event "25. Copenhagen Open  (Politiken Cup)"]
[Site "Copenhagen"]
[Date "2003.07.24"]
[Round "10"]
[White "Rohrmueller, Ulrich"]
[Black "Glud, Jakob Vang"]
[Result "1/2-1/2"]
[WhiteElo "2268"]
[BlackElo "2173"]
[PlyCount "152"]
[EventDate "2003.07.14"]
[EventType "swiss"]
[EventRounds "11"]
[EventCountry "DEN"]
[SourceDate "2004.01.01"]

1. d4 d5 2. c4 e6 3. Nc3 Be7 4. Nf3 Nf6 5. Bg5 O-O 6. e3 Nbd7 7. Rc1 a6 8. c5
c6 9. Bd3 h6 10. Bf4 Nh5 11. O-O f5 12. Na4 g5 13. Ne5 Qe8 14. Nxd7 Bxd7 15.
Be5 Nf6 16. Nb6 Ra7 17. h3 Qd8 18. Qf3 Be8 19. Qg3 Bg6 20. Rfd1 Nd7 21. Nxd7
Qxd7 22. h4 Raa8 23. hxg5 hxg5 24. f3 Qd8 25. Kf2 Bf6 26. Ke2 Bxe5 27. Qxe5 Qf6
28. Qxf6 Rxf6 29. Rh1 Kg7 30. Rh2 Rff8 31. Rch1 Rfb8 32. Rc1 Rh8 33. Rxh8 Rxh8
34. Rc3 Kf6 35. Rb3 Rh7 36. f4 gxf4 37. exf4 Be8 38. Kf2 Rc7 39. Be2 Rh7 40.
Rb6 Rc7 41. b4 Rg7 42. a4 Rc7 43. b5 axb5 44. axb5 Rg7 45. bxc6 bxc6 46. Rb8
Bd7 47. Ba6 Ke7 48. Rh8 Rf7 49. g3 Rf8 50. Rxf8 Kxf8 51. Kg2 Ke7 52. Kh3 Be8
53. Kh4 Bf7 54. Kg5 Be8 55. Kh6 Bd7 56. Kg7 Be8 57. Be2 Bd7 58. Bh5 Bc8 59. Kg6
Ba6 60. Kg5 Bc8 61. Kh4 Bd7 62. Kh3 Kf6 63. Kg2 Ke7 64. Kf2 Kd8 65. Ke3 Kc7 66.
Kd2 Kb7 67. g4 fxg4 68. Bxg4 Kc7 69. Bh5 Kb7 70. Bg6 Kc7 71. Bd3 Kb7 72. f5
exf5 73. Ke3 Kc7 74. Kf4 Bc8 75. Ke5 f4 76. Kxf4 Bh3 1/2-1/2

[Event "25. Copenhagen Open  (Politiken Cup)"]
[Site "Copenhagen"]
[Date "2003.07.24"]
[Round "10"]
[White "Romsdal, Trond"]
[Black "Mikkelsen, Nikolaj"]
[Result "0-1"]
[WhiteElo "2207"]
[BlackElo "2104"]
[PlyCount "84"]
[EventDate "2003.07.14"]
[EventType "swiss"]
[EventRounds "11"]
[EventCountry "DEN"]
[SourceDate "2004.01.01"]

1. d4 Nf6 2. c4 g6 3. Nc3 Bg7 4. e4 d6 5. Be2 O-O 6. Nf3 e5 7. O-O Nc6 8. d5
Ne7 9. b4 Nh5 10. Re1 f5 11. Ng5 Nf6 12. f3 c6 13. Qb3 h6 14. Ne6 Bxe6 15. dxe6
Qc8 16. c5 d5 17. exd5 Nfxd5 18. Bb2 Qxe6 19. Bc4 Kh7 20. Re2 Rad8 21. Rd1 e4
22. Rde1 Bd4+ 23. Kh1 Qf6 24. fxe4 fxe4 25. Rxe4 Ne3 26. Nd1 Nxd1 27. Rxe7+ Kh8
28. Qxd1 Bxb2 29. Qe2 Bc3 30. Re6 Qg5 31. Rd1 Bd4 32. g3 h5 33. Qe4 Bf6 34.
Rxd8 Rxd8 35. Re8+ Rxe8 36. Qxe8+ Kg7 37. Kg2 h4 38. Qd7+ Kh6 39. Bg8 Bg7 40.
Qxb7 h3+ 41. Kxh3 Qh5+ 42. Kg2 Qe2+ 0-1

[Event "25. Copenhagen Open  (Politiken Cup)"]
[Site "Copenhagen"]
[Date "2003.07.24"]
[Round "10"]
[White "Rossen, Claus"]
[Black "Bromann, Thorbjorn"]
[Result "1-0"]
[WhiteElo "2202"]
[BlackElo "2360"]
[PlyCount "73"]
[EventDate "2003.07.14"]
[EventType "swiss"]
[EventRounds "11"]
[EventCountry "DEN"]
[SourceDate "2004.01.01"]

1. d4 d5 2. Nf3 Nc6 3. e3 Bg4 4. Be2 Nf6 5. O-O e6 6. b3 Bd6 7. Bb2 O-O 8. Nbd2
Qe7 9. c4 Ba3 10. Bxa3 Qxa3 11. Ne1 Bxe2 12. Qxe2 e5 13. cxd5 Nxd5 14. Nc4 Qa6
15. dxe5 Nxe5 16. Qh5 Nxc4 17. Qxd5 Na3 18. Nf3 Rfd8 19. Qc5 c6 20. Rfd1 Qe2
21. Nd4 Qb2 22. Qe7 h6 23. Qxb7 c5 24. Nc6 Re8 25. Na5 Rad8 26. Qc6 Qc3 27. Nb7
Rc8 28. Qa4 Nc2 29. Rac1 Re7 30. Rd7 Rxe3 31. Qa5 Qe5 32. Nd6 Nb4 33. Rf1 Re1
34. Qb5 Rf8 35. Nb7 Re8 36. Rd1 Qa1 37. Qxe8+ 1-0

[Event "25. Copenhagen Open  (Politiken Cup)"]
[Site "Copenhagen"]
[Date "2003.07.24"]
[Round "10"]
[White "Roder, Peter"]
[Black "Naes, Flovin Tor"]
[Result "0-1"]
[WhiteElo "2170"]
[BlackElo "2330"]
[PlyCount "62"]
[EventDate "2003.07.14"]
[EventType "swiss"]
[EventRounds "11"]
[EventCountry "DEN"]
[SourceDate "2004.01.01"]

1. d4 Nf6 2. c4 e6 3. Nc3 Bb4 4. e3 c5 5. Nge2 cxd4 6. exd4 d5 7. a3 Be7 8.
cxd5 Nxd5 9. Nxd5 Qxd5 10. Nc3 Qa5 11. Bb5+ Bd7 12. Bxd7+ Nxd7 13. O-O Nb6 14.
Qf3 Nd5 15. Nxd5 Qxd5 16. Qxd5 exd5 17. Re1 f6 18. Bd2 Kd7 19. Rac1 Rac8 20.
Kf1 Rhe8 21. Rxc8 Rxc8 22. Rc1 Rc4 23. Be3 f5 24. f4 Bf6 25. Rc3 Rxc3 26. bxc3
Kc6 27. Ke2 Kb5 28. Kd3 Be7 29. Bc1 a6 30. Bb2 Ka4 31. Kc2 b5 0-1